Volle Namen Deutscher Bundeskanzler - Statistiken

Allgemein
  • Dieses Quiz wurde 23 mal gespielt
  • Das Durchschnittsergebnis liegt bei 3 aus 10
Antwortstatistiken
Bundeskanzler Antwort % Korrekt
9. Olaf Scholz
74%
4. Herbert Ernst Karl Frahm
63%
3. Kurt Georg Kiesinger
47%
8. Angela Dorothea Kasner
21%
10. Joachim Friedrich Martin Josef Merz
16%
7. Gerhard Fritz Kurt Schröder
11%
5. Helmut Heinrich Waldemar Schmidt
11%
6. Helmut Josef Michael Kohl
11%
1. Konrad Hermann Joseph Adenauer
11%
2. Ludwig Wilhelm Erhard
11%
Keine übereinstimmenden Quizze gefunden
Verteilung der Resultate
Anzahl Personen mit jedem Resultat
Perzentil nach korrekt beantworteten Fragen
Ihre Resultats-Entwicklung
Sie haben dieses Quiz noch nicht gespielt